[Event "FRM-ch op"]
[Site "Skopje"]
[Date "2024.05.18"]
[Round "9"]
[White "Batkoski, Nenad"]
[Black "Akbiyik, Fatih"]
[Result "0-1"]
[WhiteElo "1791"]
[BlackElo "1653"]
[PlyCount "47"]
[EventDate "2024.05.11"]
[EventType "swiss"]
[EventRounds "9"]
[EventCountry "MKD"]
[SourceTitle "CBM 220 Extra"]
[Source "ChessBase"]
[SourceDate "2024.07.31"]
[SourceVersion "1"]
[SourceVersionDate "2024.07.31"]
[SourceQuality "1"]

1. e4 e5 2. Nf3 Nc6 3. Bc4 Bc5 4. c3 Nf6 5. d4 exd4 6. cxd4 Bb4+ 7. Nc3 Nxe4 8. 0-0 Bxc3 9. d5 Ne5 10. Qe2 0-0 11. bxc3 Nxc4 12. Qxe4 Nd6 13. Qg4 Qf6 14. Be3 Qg6 15. Qf4 Re8 16. Bd4 f6 17. Rfe1 b6 18. c4 Re4 19. Rxe4 Qxe4 20. Qg3 Nf5 21. Qxc7 Nxd4 22. Nd2 Qd3 23. Qd8+ Kf7 24. Rd1 0-1

[Event "FRM-ch op"]
[Site "Skopje"]
[Date "2024.05.16"]
[Round "7"]
[White "Seydi, Jusuf"]
[Black "Batkoski, Nenad"]
[Result "0-1"]
[WhiteElo "1681"]
[BlackElo "1791"]
[PlyCount "91"]
[EventDate "2024.05.11"]
[EventType "swiss"]
[EventRounds "9"]
[EventCountry "MKD"]
[SourceTitle "CBM 220 Extra"]
[Source "ChessBase"]
[SourceDate "2024.07.31"]
[SourceVersion "1"]
[SourceVersionDate "2024.07.31"]
[SourceQuality "1"]

1. g3 e5 2. Bg2 Bc5 3. e3 Nc6 4. b3 d6 5. Bb2 Bb6 6. h3 Bf5 7. Nc3 Nf6 8. Nge2 h6 9. d3 a6 10. a3 Qd7 11. Qd2 d5 12. Na4 Ba7 13. 0-0-0 b5 14. Nac3 0-0 15. f4 d4 16. exd4 exd4 17. Na2 Nd5 18. Bxd5 Qxd5 19. g4 Bd7 20. Ng3 a5 21. Kb1 Rfe8 22. Rhe1 Re3 23. Ne4 f5 24. gxf5 Bxf5 25. Qg2 Rxe1 26. Rxe1 Kh8 27. Qg3 Re8 28. Rg1 Qd7 29. Nf2 Re3 30. Qh4 Bxh3 31. Bc1 Rf3 32. f5 Bxf5 33. Ng4 Bxg4 34. Rxg4 Rf6 35. Qh5 Rf5 36. Qh4 Ne5 37. Re4 Kh7 38. Bd2 Bb6 39. Qg3 Nf7 40. Bf4 Ng5 41. Re1 Qf7 42. Be5 Nf3 43. Re2 Rg5 44. Qf4 Nxe5 45. Qe4+ Qf5 46. Qd5 0-1

[Event "FRM-ch op"]
[Site "Skopje"]
[Date "2024.05.14"]
[Round "5"]
[White "Batkoski, Nenad"]
[Black "Glavinac, Goran"]
[Result "0-1"]
[WhiteElo "1791"]
[BlackElo "1993"]
[PlyCount "84"]
[EventDate "2024.05.11"]
[EventType "swiss"]
[EventRounds "9"]
[EventCountry "MKD"]
[SourceTitle "CBM 220 Extra"]
[Source "ChessBase"]
[SourceDate "2024.07.31"]
[SourceVersion "1"]
[SourceVersionDate "2024.07.31"]
[SourceQuality "1"]

1. e4 c5 2. Nf3 Nc6 3. d4 cxd4 4. Nxd4 Nf6 5. Nc3 e5 6. Nf3 d6 7. Bc4 Be7 8. h3 0-0 9. Be3 a6 10. a3 b5 11. Ba2 Bb7 12. Qd3 b4 13. Nd5 bxa3 14. bxa3 Nxd5 15. exd5 Na7 16. Rb1 Bc8 17. 0-0 Nb5 18. a4 Nc7 19. Bb6 Qd7 20. Qc4 Ne8 21. Rb2 Bb7 22. Rd1 Nf6 23. Qb4 Rfb8 24. a5 Bc8 25. c3 Qf5 26. Ne1 Qh5 27. Rd3 Qg5 28. Kh2 e4 29. Rd1 Bf5 30. Qd4 Nd7 31. Qe3 Qxe3 32. fxe3 Bf6 33. Rb3 Nxb6 34. axb6 Rb7 35. Nc2 Rab8 36. Rdb1 Bd7 37. Nd4 Bxd4 38. cxd4 Bb5 39. Re1 f5 40. g4 Bd7 41. gxf5 Rxb6 42. Rxb6 Rxb6 0-1

[Event "FRM-ch op"]
[Site "Skopje"]
[Date "2024.05.11"]
[Round "1"]
[White "Angelovski, Luka"]
[Black "Batkoski, Nenad"]
[Result "0-1"]
[WhiteElo "1429"]
[BlackElo "1791"]
[PlyCount "56"]
[EventDate "2024.05.11"]
[EventType "swiss"]
[EventRounds "9"]
[EventCountry "MKD"]
[SourceTitle "CBM 220 Extra"]
[Source "ChessBase"]
[SourceDate "2024.07.31"]
[SourceVersion "1"]
[SourceVersionDate "2024.07.31"]
[SourceQuality "1"]

1. e4 e5 2. Nf3 Nc6 3. Bc4 Bc5 4. 0-0 d6 5. d3 Bg4 6. h3 Bh5 7. Be3 Nd4 8. Nbd2 Bb6 9. c3 Nxf3+ 10. Nxf3 Qf6 11. d4 Bxf3 12. Qxf3 Qxf3 13. gxf3 Nf6 14. f4 exd4 15. Bxd4 Bxd4 16. cxd4 0-0 17. Rfe1 Rfe8 18. e5 Nh5 19. Re3 Nxf4 20. Rf3 Ne6 21. Rd1 dxe5 22. dxe5 Ng5 23. Rf5 Rxe5 24. Rd5 Rxf5 25. Rxf5 Ne6 26. Rf3 Rd8 27. Rd3 Kf8 28. Bd5 Nf4 0-1

[Event "Skopje op-B"]
[Site "Skopje"]
[Date "2023.12.07"]
[Round "2"]
[White "Batkoski, Nenad"]
[Black "Vojneski, Gorazd"]
[Result "1-0"]
[WhiteElo "1680"]
[BlackElo "1082"]
[PlyCount "139"]
[EventDate "2023.12.06"]
[EventType "swiss"]
[EventRounds "9"]
[EventCountry "MKD"]
[SourceTitle "CBM 217 Extra"]
[Source "ChessBase"]
[SourceDate "2024.01.31"]
[SourceVersion "1"]
[SourceVersionDate "2024.01.31"]
[SourceQuality "1"]

1. e4 c6 2. d4 d5 3. exd5 cxd5 4. c3 Nc6 5. Nf3 Nf6 6. Bf4 Bg4 7. Qb3 Bxf3 8. Qxb7 Nxd4 9. cxd4 Bg4 10. Bb5+ Bd7 11. Bxd7+ Nxd7 12. Qxd5 e6 13. Qb3 Be7 14. Nc3 0-0 15. 0-0 Nb6 16. Rad1 Bg5 17. Be5 Bf6 18. Ne4 Nd5 19. Rc1 Be7 20. Rc4 Rc8 21. Rfc1 Qd7 22. Nc5 Bxc5 23. dxc5 Rc6 24. Rd1 Rfc8 25. Bd6 Ne7 26. Rb4 Nf5 27. Rb7 Qd8 28. Rxa7 Nxd6 29. cxd6 Rxd6 30. Re1 Rb8 31. Qf3 Rd7 32. Rxd7 Qxd7 33. Rd1 Qa4 34. Qd3 h6 35. Qb1 Rc8 36. b3 Qc6 37. h3 Ra8 38. Rc1 Qd6 39. Rc2 Rd8 40. Rb2 Qb4 41. g3 Kf8 42. Qc1 Ra8 43. Qd2 Qe4 44. Rc2 Qe5 45. Kh2 Ke8 46. Qd3 Rd8 47. Qc4 Qf6 48. Kg2 Qe7 49. Qc3 f6 50. Qc5 Qb7+ 51. Qc6+ Qxc6+ 52. Rxc6 Kd7 53. Rb6 g6 54. a4 Ra8 55. h4 g5 56. h5 g4 57. Rb7+ Kc6 58. Rh7 Kd5 59. Rxh6 f5 60. Rh7 Ke5 61. Rb7 Kf6 62. Rb6 Ra7 63. h6 Rh7 64. a5 Rxh6 65. a6 Rh8 66. a7 Ra8 67. Rb7 Ke5 68. Rd7 f4 69. gxf4+ Kxf4 70. b4 1-0

[Event "FRM-ch op"]
[Site "Skopje"]
[Date "2023.05.09"]
[Round "7"]
[White "Spasov, Igor Aleksandar"]
[Black "Batkoski, Nenad"]
[Result "1-0"]
[WhiteElo "1280"]
[BlackElo "1730"]
[PlyCount "67"]
[EventDate "2023.05.04"]
[EventType "swiss"]
[EventRounds "9"]
[EventCountry "MKD"]
[SourceTitle "CBM 214 Extra"]
[Source "ChessBase"]
[SourceDate "2023.07.31"]
[SourceVersion "1"]
[SourceVersionDate "2023.07.31"]
[SourceQuality "1"]

1. d4 c5 2. Nf3 d5 3. e3 Nc6 4. c3 Bf5 5. Bd3 Bxd3 6. Qxd3 e6 7. 0-0 Nf6 8. Nbd2 a6 9. Re1 Be7 10. dxc5 Bxc5 11. b4 Be7 12. Bb2 Qb6 13. Rac1 Rc8 14. a3 0-0 15. Qb1 Rfd8 16. c4 dxc4 17. Nxc4 Qa7 18. Nd4 h6 19. Red1 b5 20. Nxc6 Rxd1+ 21. Rxd1 Rxc6 22. Ne5 Rc8 23. Rc1 Qb7 24. Rxc8+ Qxc8 25. Qd3 Nd5 26. Nf3 Bf6 27. Bxf6 gxf6 28. h3 Qc1+ 29. Kh2 Nc3 30. Qd4 f5 31. Qd8+ Kg7 32. Qd4+ Kh7 33. Qf6 Kg8 34. Ne5 1-0

[Event "Skopje op"]
[Site "Skopje"]
[Date "2022.10.25"]
[Round "7"]
[White "Kodric, Gasper"]
[Black "Batkoski, Nenad"]
[Result "1-0"]
[WhiteElo "2024"]
[BlackElo "1734"]
[PlyCount "142"]
[EventDate "2022.10.21"]
[EventType "swiss"]
[EventRounds "9"]
[EventCountry "MKD"]
[SourceTitle "EXT 2024"]
[Source "ChessBase"]
[SourceDate "2023.10.10"]
[SourceVersion "1"]
[SourceVersionDate "2023.10.10"]
[SourceQuality "1"]

1. c4 f5 2. g3 Nf6 3. Bg2 e6 4. Nc3 c6 5. Nf3 d5 6. d4 Bd6 7. 0-0 0-0 8. b3 Ne4 9. Qc2 Nd7 10. a4 Qe7 11. Bf4 Ndf6 12. Bxd6 Qxd6 13. c5 Qe7 14. b4 a6 15. Ne5 Nxc3 16. Qxc3 Ne4 17. Qd3 Bd7 18. Rab1 Be8 19. Rbe1 Ng5 20. Qb3 Ne4 21. Qc2 Ng5 22. e3 Ne4 23. f3 Nf6 24. Rf2 Nd7 25. Nxd7 Qxd7 26. Bf1 Qe7 27. f4 Bd7 28. Rb1 Kh8 29. Qb3 Rfd8 30. Ra2 Qe8 31. b5 axb5 32. axb5 Rxa2 33. Qxa2 cxb5 34. Qb3 Kg8 35. Bxb5 Bxb5 36. Qxb5 Qxb5 37. Rxb5 Rd7 38. Kf2 Kf7 39. Rb6 Re7 40. Kf3 Kf6 41. g4 fxg4+ 42. Kxg4 g6 43. e4 dxe4 44. d5 e3 45. Kf3 Kf5 46. d6 Rd7 47. Rxb7 Rxb7 48. c6 e2 49. Kxe2 Rb6 50. c7 Rxd6 51. c8Q Kxf4 52. Qf8+ Ke5 53. Qg7+ Kf5 54. Qxh7 Rd5 55. Qf7+ Kg5 56. Qxe6 Rf5 57. Ke3 Kh6 58. Qg8 Rh5 59. Kf4 Rf5+ 60. Ke4 Rh5 61. Qf8+ Kh7 62. Qf7+ Kh6 63. Qg8 Kg5 64. Qf8 Rh4+ 65. Ke5 Rg4 66. h3 Rg1 67. Qf4+ Kh5 68. Qf3+ Kh4 69. Qf2+ Rg3 70. Kf4 g5+ 71. Kf5 Kxh3 1-0

[Event "Karposh CC-ch"]
[Site "Skopje"]
[Date "2021.06.28"]
[Round "2"]
[White "Batkoski, Nenad"]
[Black "Ranic, Viktor"]
[Result "0-1"]
[WhiteElo "1827"]
[BlackElo "1855"]
[PlyCount "176"]
[EventDate "2021.06.28"]
[EventType "tourn"]
[EventRounds "11"]
[EventCountry "MKD"]
[SourceTitle "EXT 2022"]
[Source "ChessBase"]
[SourceDate "2021.10.06"]
[SourceVersion "1"]
[SourceVersionDate "2021.10.06"]
[SourceQuality "1"]

1. e4 d5 2. e5 Bf5 3. d4 e6 4. c3 c5 5. Bb5+ Nc6 6. Qa4 Qc8 7. Nf3 a6 8. Bxc6+ Qxc6 9. Qxc6+ bxc6 10. Be3 c4 11. 0-0 h6 12. b4 a5 13. Bd2 g5 14. h3 Ne7 15. a4 Bg7 16. Bc1 axb4 17. cxb4 Bxb1 18. Rxb1 Rxa4 19. Bd2 0-0 20. Ra1 Rfa8 21. Bc3 Rxa1 22. Rxa1 Rxa1+ 23. Bxa1 f6 24. exf6 Bxf6 25. Kf1 Kf7 26. Ne1 Nf5 27. Nc2 Nd6 28. Ke2 Nb5 29. f3 Kg6 30. g4 Kf7 31. Ke3 Ke7 32. h4 Kd6 33. hxg5 hxg5 34. f4 gxf4+ 35. Kxf4 Bxd4 36. g5 Bxa1 37. Nxa1 e5+ 38. Kf5 Nd4+ 39. Kf6 Ne6 40. g6 d4 41. Nc2 c3 42. Na3 Nf4 43. Nc4+ Kd5 44. Nxe5 c2 45. Nd3 Nxd3 46. g7 c1Q 47. g8Q+ Ke4 48. Qg2+ Ke3 49. Qg3+ Kd2 50. Qg2+ Kc3 51. Qxc6+ Kxb4 52. Qb6+ Kc4 53. Qa6+ Kc3 54. Qa5+ Kc4 55. Qa6+ Kd5 56. Qxd3 Qf4+ 57. Kg7 Qg5+ 58. Kf7 Qf4+ 59. Kg7 Qe3 60. Qb5+ Ke4 61. Qc6+ Kf5 62. Qg6+ Kf4 63. Qf7+ Kg4 64. Qd7+ Kh4 65. Kh7 Qe4+ 66. Kh6 Qf4+ 67. Kh7 Kg3 68. Qd5 Kf2 69. Qc4 Qf5+ 70. Kh6 d3 71. Qh4+ Ke2 72. Qh2+ Qf2 73. Qh5+ Qf3 74. Qh2+ Kd1 75. Qg1+ Kc2 76. Qc5+ Kd2 77. Kg6 Qe4+ 78. Kh5 Ke2 79. Qb5 Kf2 80. Qd7 Qe2+ 81. Kh4 d2 82. Qf5+ Ke1 83. Qa5 Kf1 84. Kg3 Qf2+ 85. Kh3 Qg2+ 86. Kh4 d1Q 87. Qb5+ Qge2 88. Qg5 Qh2# 0-1

[Event "Skopje op"]
[Site "Skopje"]
[Date "2019.12.12"]
[Round "9"]
[White "Batkoski, Nenad"]
[Black "Trajanovski, Zoki"]
[Result "1-0"]
[WhiteElo "1858"]
[BlackElo "1051"]
[PlyCount "59"]
[EventDate "2019.12.06"]
[EventType "swiss"]
[EventRounds "9"]
[EventCountry "MKD"]
[SourceTitle "CBM 193 Extra"]
[Source "ChessBase"]
[SourceDate "2020.01.31"]
[SourceVersion "1"]
[SourceVersionDate "2020.01.31"]
[SourceQuality "1"]

1. e4 e5 2. Nf3 Nc6 3. d4 exd4 4. c3 dxc3 5. Bc4 Bc5 6. Bxf7+ Kxf7 7. Qd5+ Kf8 8. Qxc5+ Qe7 9. Qxe7+ Ngxe7 10. Nxc3 h6 11. Nb5 Nb4 12. 0-0 c6 13. Nd6 Nd3 14. b3 Nxc1 15. Raxc1 Ng6 16. g3 Ke7 17. Rfd1 Rf8 18. Kg2 Ke6 19. Nf5 d5 20. N3d4+ Kf6 21. Nd6 Ke5 22. Nxc8 Raxc8 23. f4+ Kxe4 24. Rc2 Nxf4+ 25. gxf4 Rf7 26. Re2+ Kxf4 27. Rf1+ Kg5 28. Rxf7 c5 29. Ne6+ Kg6 30. Rxb7 1-0

[Event "Skopje op"]
[Site "Skopje"]
[Date "2019.12.07"]
[Round "3"]
[White "Batkoski, Nenad"]
[Black "Kralevski, Aleksander"]
[Result "0-1"]
[WhiteElo "1858"]
[BlackElo "2119"]
[PlyCount "64"]
[EventDate "2019.12.06"]
[EventType "swiss"]
[EventRounds "9"]
[EventCountry "MKD"]
[SourceTitle "CBM 193 Extra"]
[Source "ChessBase"]
[SourceDate "2020.01.31"]
[SourceVersion "1"]
[SourceVersionDate "2020.01.31"]
[SourceQuality "1"]

1. e4 e5 2. Bc4 Nf6 3. d3 c6 4. Bg5 h6 5. Bh4 Be7 6. Nf3 d6 7. h3 Qb6 8. Bb3 a5 9. Nc3 Be6 10. d4 Bxb3 11. axb3 Nbd7 12. Bg3 Qc7 13. b4 0-0 14. bxa5 Rxa5 15. Rxa5 Qxa5 16. 0-0 Re8 17. Qa1 Qc7 18. dxe5 dxe5 19. Qa2 b5 20. Re1 Bc5 21. Nd1 Qd6 22. Qb1 Qe6 23. Qc1 Bb6 24. Qd2 Bc7 25. Qd3 Nc5 26. Qa3 Ncxe4 27. Bh2 Qd7 28. Ne3 Bd6 29. Qd3 Qe6 30. Ng4 Nxg4 31. Qxe4 Nxh2 32. Kxh2 Bc7 0-1

[Event "Skopje op"]
[Site "Skopje"]
[Date "2019.12.06"]
[Round "1"]
[White "Petrovski, Nikola"]
[Black "Batkoski, Nenad"]
[Result "0-1"]
[WhiteElo "1117"]
[BlackElo "1858"]
[PlyCount "40"]
[EventDate "2019.12.06"]
[EventType "swiss"]
[EventRounds "9"]
[EventCountry "MKD"]
[SourceTitle "CBM 193 Extra"]
[Source "ChessBase"]
[SourceDate "2020.01.31"]
[SourceVersion "1"]
[SourceVersionDate "2020.01.31"]
[SourceQuality "1"]

1. e4 e6 2. d4 d5 3. e5 c5 4. Nf3 Qb6 5. c3 Nc6 6. Be3 Qxb2 7. Nbd2 cxd4 8. Bxd4 Nxd4 9. cxd4 Bb4 10. Bb5+ Kf8 11. Rb1 Bxd2+ 12. Nxd2 Qxd4 13. 0-0 Qxe5 14. Qc1 Qd6 15. Rd1 a6 16. Ne4 Qe7 17. Rd4 axb5 18. Qd2 Bd7 19. Rd1 Bc6 20. Ng5 Nf6 0-1

[Event "EU-ch 20th"]
[Site "Skopje"]
[Date "2019.03.25"]
[Round "7"]
[White "Krstev, Emil"]
[Black "Batkoski, Nenad"]
[Result "0-1"]
[WhiteElo "2050"]
[BlackElo "1846"]
[PlyCount "92"]
[EventDate "2019.03.18"]
[EventType "swiss"]
[EventRounds "11"]
[EventCountry "MKD"]
[SourceTitle "CBM 189"]
[Source "ChessBase"]
[SourceDate "2019.04.29"]
[SourceVersion "1"]
[SourceVersionDate "2019.04.29"]
[SourceQuality "1"]

1. d4 e6 2. e4 d5 3. exd5 exd5 4. Nf3 Bd6 5. c4 dxc4 6. Bxc4 Nf6 7. Qe2+ Qe7 8. Qxe7+ Bxe7 9. 0-0 0-0 10. Re1 Bb4 11. Nc3 Bg4 12. Ne5 Bh5 13. Bg5 Nbd7 14. Nd3 Ba5 15. b4 Bb6 16. Nc5 Rfe8 17. Be3 a5 18. b5 Bxc5 19. dxc5 Ne5 20. Bf1 c6 21. f3 Rad8 22. Bg5 Bg6 23. Bxf6 gxf6 24. Ne4 Bxe4 25. Rxe4 Kf8 26. Rh4 Kg7 27. Ra4 Rd5 28. Rxa5 Rxc5 29. Ra7 Re7 30. a4 cxb5 31. axb5 Rd7 32. f4 Ng4 33. R7a3 f5 34. Rg3 Kf8 35. h3 Nf6 36. Re3 Nh5 37. Re5 Rdd5 38. Ra8+ Kg7 39. Rb8 Ng3 40. Rxb7 Rxe5 41. fxe5 Rc1 42. e6 Rxf1+ 43. Kh2 f4 44. Rxf7+ Kg8 45. Rxf4 Rxf4 46. Kxg3 Rb4 0-1

[Event "EU-ch 20th"]
[Site "Skopje"]
[Date "2019.03.24"]
[Round "6"]
[White "Batkoski, Nenad"]
[Black "Kanyamarala, Trisha"]
[Result "0-1"]
[WhiteElo "1846"]
[BlackElo "2061"]
[PlyCount "54"]
[EventDate "2019.03.18"]
[EventType "swiss"]
[EventRounds "11"]
[EventCountry "MKD"]
[SourceTitle "CBM 189"]
[Source "ChessBase"]
[SourceDate "2019.04.29"]
[SourceVersion "1"]
[SourceVersionDate "2019.04.29"]
[SourceQuality "1"]

1. e4 c5 2. Nf3 d6 3. d4 cxd4 4. Nxd4 Nf6 5. Nc3 Nc6 6. h3 e5 7. Nf3 Be6 8. Be3 d5 9. exd5 Nxd5 10. Nxd5 Bxd5 11. Be2 Be7 12. Qd2 0-0 13. a3 Rc8 14. Rd1 Be4 15. Bd3 Bxf3 16. gxf3 Nd4 17. Bxd4 exd4 18. Be4 Qb6 19. 0-0 Qe6 20. Kg2 f5 21. Bd3 Qg6+ 22. Kh1 Qh5 23. Qf4 Qxh3+ 24. Qh2 Qxf3+ 25. Qg2 Qh5+ 26. Qh2 Qf7 27. Qg2 Rc6 0-1

[Event "FRM-ch op"]
[Site "Skopje"]
[Date "2018.12.18"]
[Round "4"]
[White "Batkoski, Nenad"]
[Black "Trajkovski, Mile"]
[Result "1-0"]
[WhiteElo "1841"]
[BlackElo "2120"]
[PlyCount "81"]
[EventDate "2018.12.15"]
[EventType "swiss"]
[EventRounds "9"]
[EventCountry "MKD"]
[SourceTitle "CBM 187 Extra"]
[Source "ChessBase"]
[SourceDate "2018.11.04"]
[SourceVersion "1"]
[SourceVersionDate "2018.11.04"]
[SourceQuality "1"]

1. e4 g6 2. f4 Bg7 3. Nf3 c5 4. c3 d5 5. e5 Nc6 6. d4 cxd4 7. Nxd4 Nh6 8. Nxc6 bxc6 9. Be3 Nf5 10. Bf2 h5 11. Be2 a5 12. Bd3 Ba6 13. 0-0 Qb8 14. Bxa6 Rxa6 15. Qe2 Qc8 16. Nd2 a4 17. b4 0-0 18. Nf3 e6 19. h3 Ra8 20. g4 hxg4 21. hxg4 Nh6 22. Nh4 Qa6 23. Qf3 Qc4 24. Rfe1 g5 25. Ng2 Kh7 26. Bc5 Rg8 27. Rad1 Bf8 28. Bxf8 Raxf8 29. Rd4 Qb5 30. f5 c5 31. bxc5 Qxc5 32. f6 Rc8 33. Qd3+ Rg6 34. Re3 Qa3 35. Rh3 Kg8 36. Qc2 Rc4 37. Rxc4 dxc4 38. Qe4 Qc5+ 39. Ne3 Qa7 40. Qxc4 Qb8 41. Qxa4 1-0

[Event "Skopje Karposh op"]
[Site "Skopje"]
[Date "2018.03.24"]
[Round "1"]
[White "Sarenac, Ivan"]
[Black "Batkoski, Nenad"]
[Result "1-0"]
[WhiteElo "2403"]
[BlackElo "1899"]
[PlyCount "67"]
[EventDate "2018.03.24"]
[EventType "swiss"]
[EventRounds "9"]
[EventCountry "MKD"]
[SourceTitle "CBM 183 Extra"]
[Source "ChessBase"]
[SourceDate "2018.04.19"]
[SourceVersion "1"]
[SourceVersionDate "2018.04.19"]
[SourceQuality "1"]

1. e4 e5 2. Nf3 Nc6 3. Nc3 Bc5 4. Nxe5 Nxe5 5. d4 Bd6 6. dxe5 Bxe5 7. Be2 c6 8. f4 Bc7 9. Be3 d6 10. Qd3 Nf6 11. h3 b5 12. Bf3 Bd7 13. g4 b4 14. Ne2 0-0 15. g5 Ne8 16. 0-0-0 Bb6 17. Kb1 Bxe3 18. Qxe3 Qb6 19. Qd3 Bc8 20. Ng3 Ba6 21. Qd2 Rd8 22. h4 d5 23. exd5 cxd5 24. Nf5 Nc7 25. Qd4 Qxd4 26. Rxd4 Rfe8 27. Rxb4 Bc8 28. Nd4 Re3 29. Rb8 Rde8 30. Kc1 Kf8 31. Kd2 Na6 32. Rxc8 Rxc8 33. Kxe3 Nb4 34. c3 1-0

[Event "Skopje U2200 op"]
[Site "Skopje"]
[Date "2017.12.09"]
[Round "5"]
[White "Batkoski, Nenad"]
[Black "Miftari, Hedon"]
[Result "1-0"]
[WhiteElo "1904"]
[BlackElo "1234"]
[PlyCount "41"]
[EventDate "2017.12.07"]
[EventType "swiss"]
[EventRounds "7"]
[EventCountry "MKD"]
[SourceTitle "CBM 182 Extra"]
[Source "ChessBase"]
[SourceDate "2018.02.23"]
[SourceVersion "1"]
[SourceVersionDate "2018.02.23"]
[SourceQuality "1"]

1. e4 c5 2. Nf3 Nc6 3. c3 Nf6 4. Qc2 d6 5. Bc4 e6 6. d4 cxd4 7. cxd4 d5 8. exd5 exd5 9. Be2 Be6 10. a3 Rc8 11. Nc3 h6 12. 0-0 Bd6 13. h3 0-0 14. Be3 Ne7 15. Qd2 Nf5 16. Bf4 Bxf4 17. Qxf4 Re8 18. Bd3 Nd6 19. Rfe1 Nc4 20. Bxc4 Rxc4 21. Ne5 1-0

[Event "Skopje-ch op"]
[Site "Skopje"]
[Date "2015.12.13"]
[Round "7"]
[White "Batkoski, Nenad"]
[Black "Andonovski, Ljubisa"]
[Result "0-1"]
[WhiteElo "2008"]
[BlackElo "2280"]
[PlyCount "48"]
[EventDate "2015.12.13"]
[EventType "swiss"]
[EventRounds "9"]
[EventCountry "MKD"]
[SourceTitle "EXT 2018"]
[Source "ChessBase"]
[SourceDate "2017.10.13"]
[SourceVersion "1"]
[SourceVersionDate "2017.10.13"]
[SourceQuality "1"]

1. e4 c5 2. Nf3 e6 3. c3 Nf6 4. Qc2 b6 5. d4 Bb7 6. Bg5 Bxe4 7. Bd3 Bxf3 8. gxf3 cxd4 9. Bxh7 Be7 10. Bd3 Nc6 11. c4 Rc8 12. a3 Ne5 13. Nd2 b5 14. b3 d5 15. f4 Nxd3+ 16. Qxd3 dxc4 17. bxc4 bxc4 18. Nxc4 Qd5 19. Rc1 Qxh1+ 20. Kd2 Qa8 21. Rg1 Ne4+ 22. Ke2 Bxg5 23. fxg5 Rxh2 24. Ke1 Qc6 0-1

[Event "Skopje-ch op"]
[Site "Skopje"]
[Date "2015.12.13"]
[Round "2"]
[White "Nedev, Trajce"]
[Black "Batkoski, Nenad"]
[Result "1-0"]
[WhiteElo "2482"]
[BlackElo "2008"]
[PlyCount "53"]
[EventDate "2015.12.13"]
[EventType "swiss"]
[EventRounds "9"]
[EventCountry "MKD"]
[SourceTitle "EXT 2018"]
[Source "ChessBase"]
[SourceDate "2017.10.13"]
[SourceVersion "1"]
[SourceVersionDate "2017.10.13"]
[SourceQuality "1"]

1. e4 e6 2. d4 d5 3. Nd2 Nf6 4. e5 Nfd7 5. Bd3 c5 6. c3 Nc6 7. Ngf3 Qb6 8. 0-0 cxd4 9. cxd4 Nxd4 10. Nxd4 Qxd4 11. Nf3 Qb6 12. Qa4 Be7 13. Qg4 g6 14. Bh6 Bf8 15. Bxf8 Nxf8 16. Qf4 Qd8 17. Rac1 Bd7 18. Rc3 Bc6 19. Rfc1 Rc8 20. Nd4 Nd7 21. Qh6 Qe7 22. Nb5 Nxe5 23. Nxa7 Ra8 24. Qg7 Nxd3 25. Qxh8+ Kd7 26. Qxa8 Nxc1 27. Rxc6 1-0

[Event "FRM-ch op 24th"]
[Site "Struga"]
[Date "2015.08.24"]
[Round "3"]
[White "Batkoski, Nenad"]
[Black "Velkovski, Kristijan"]
[Result "1-0"]
[WhiteElo "1885"]
[BlackElo "1584"]
[PlyCount "123"]
[EventDate "2015.08.22"]
[EventType "swiss"]
[EventRounds "9"]
[EventCountry "MKD"]
[SourceTitle "EXT 2016"]
[Source "ChessBase"]
[SourceDate "2015.10.08"]
[SourceVersion "1"]
[SourceVersionDate "2015.10.08"]
[SourceQuality "1"]

1. e4 e5 2. Nf3 Nc6 3. Bc4 Bc5 4. c3 Nf6 5. d4 exd4 6. cxd4 Bb4+ 7. Nc3 0-0 8. Bg5 Re8 9. e5 d6 10. Qb3 Nxd4 11. Nxd4 Rxe5+ 12. Be3 Bxc3+ 13. bxc3 d5 14. Be2 Qe8 15. 0-0 c5 16. Bb5 Bd7 17. Bxd7 Qxd7 18. Nf3 Re6 19. Bxc5 Ne4 20. Bd4 f6 21. Rab1 b6 22. c4 dxc4 23. Qxc4 Kh8 24. Rbc1 Re7 25. Rfd1 Qe8 26. Qc6 Qxc6 27. Rxc6 Rd7 28. Rdc1 Kg8 29. h3 Kf7 30. Be3 g5 31. Nd4 Nd6 32. Rc7 Ke7 33. f4 h6 34. fxg5 hxg5 35. h4 Rg8 36. hxg5 fxg5 37. Bxg5+ Rxg5 38. Re1+ Ne4 39. Rxe4+ Kd6 40. Rc2 Rc5 41. Re6+ Kc7 42. Rc6+ Rxc6 43. Nxc6 Kb7 44. Ne5 Re7 45. Nf3 b5 46. Kf2 Kb6 47. g4 a5 48. Nd2 b4 49. Nc4+ Kb5 50. Nxa5 Kxa5 51. Kf3 Ka4 52. g5 Re1 53. Rg2 Ka3 54. g6 Re6 55. Kf4 Rxg6 56. Rxg6 Kxa2 57. Ra6+ Kb2 58. Ke3 b3 59. Kd2 Kb1 60. Kc3 b2 61. Rb6 Ka1 62. Kc2 1-0

[Event "Skopje Karposh op"]
[Site "Skopje"]
[Date "2015.03.31"]
[Round "6"]
[White "Velkovski, Kristijan"]
[Black "Batkoski, Nenad"]
[Result "0-1"]
[WhiteElo "1583"]
[BlackElo "1879"]
[PlyCount "50"]
[EventDate "2015.03.27"]
[EventType "swiss"]
[EventRounds "9"]
[EventCountry "MKD"]
[SourceTitle "CBM 165 Extra"]
[Source "ChessBase"]
[SourceDate "2015.04.21"]
[SourceVersion "1"]
[SourceVersionDate "2015.04.21"]
[SourceQuality "1"]

1. e4 e6 2. d4 d5 3. exd5 exd5 4. Bf4 Nf6 5. Nf3 Bg4 6. Be2 Bd6 7. Bxd6 Qxd6 8. Nbd2 0-0 9. 0-0 Re8 10. h3 Bf5 11. c3 Nbd7 12. Nb3 a5 13. Bd3 Be4 14. Bxe4 dxe4 15. Nfd2 a4 16. Nc4 Qa6 17. Nbd2 c5 18. dxc5 Nxc5 19. Ne3 Rad8 20. Qc2 Rd3 21. Rad1 b5 22. Qc1 Qe6 23. Nc2 Nd5 24. Nd4 Qg6 25. Kh1 Nf4 0-1

[Event "Skopje Karposh op"]
[Site "Skopje"]
[Date "2014.04.05"]
[Round "9"]
[White "Manova, Ivana"]
[Black "Batkoski, Nenad"]
[Result "1/2-1/2"]
[WhiteElo "1589"]
[BlackElo "1897"]
[PlyCount "61"]
[EventDate "2014.03.29"]
[EventType "swiss"]
[EventRounds "9"]
[EventCountry "MKD"]
[SourceTitle "CBM 159 Extra"]
[Source "ChessBase"]
[SourceDate "2014.04.24"]
[SourceVersion "1"]
[SourceVersionDate "2014.04.24"]
[SourceQuality "1"]

1. e4 e6 2. d4 d5 3. e5 c5 4. dxc5 Nc6 5. Nf3 Bxc5 6. Bd3 Qc7 7. Qe2 Nge7 8. Bf4 Ng6 9. Bg3 Nd4 10. Nxd4 Bxd4 11. c3 Bb6 12. 0-0 a6 13. Nd2 Bd7 14. Kh1 h5 15. h3 Ne7 16. Nb3 Ba7 17. f3 g5 18. Bf2 Bxf2 19. Rxf2 Nc6 20. Rc1 Qxe5 21. Qxe5 Nxe5 22. Bf1 Ng6 23. Rd1 0-0-0 24. Bd3 Nf4 25. Bf1 Kb8 26. Rd4 e5 27. Rb4 Ka7 28. Nc5 Bc8 29. g3 b6 30. Nxa6 Nxh3 31. Rd2 1/2-1/2

[Event "Skopje Karposh op"]
[Site "Skopje"]
[Date "2014.03.31"]
[Round "4"]
[White "Batkoski, Nenad"]
[Black "Krstev, Emil"]
[Result "1-0"]
[WhiteElo "1897"]
[BlackElo "2156"]
[PlyCount "69"]
[EventDate "2014.03.29"]
[EventType "swiss"]
[EventRounds "9"]
[EventCountry "MKD"]
[SourceTitle "CBM 159 Extra"]
[Source "ChessBase"]
[SourceDate "2014.04.24"]
[SourceVersion "1"]
[SourceVersionDate "2014.04.24"]
[SourceQuality "1"]

1. e4 e6 2. d4 d5 3. e5 Ne7 4. c3 Qd7 5. Nf3 b6 6. Bd3 Ba6 7. Bxa6 Nxa6 8. Qd3 Nb8 9. Na3 c5 10. Be3 c4 11. Qe2 Nf5 12. Nc2 Nc6 13. Bd2 Be7 14. g4 Nh4 15. Nxh4 Bxh4 16. g5 h6 17. Qh5 Bxf2+ 18. Kxf2 0-0-0 19. gxh6 f6 20. exf6 Rdf8 21. Raf1 gxh6 22. Ke1 Nd8 23. Rhg1 Qa4 24. Na3 Nf7 25. Rg7 Qe8 26. Bf4 b5 27. Rf2 a6 28. Re2 b4 29. cxb4 c3 30. Rc2 e5 31. dxe5 d4 32. bxc3 d3 33. Qf5+ Kd8 34. Qxd3+ Kc8 35. Qc4+ 1-0